Statistics for Most Goals in Each AFL Season Since 2000

Click here to take the quiz!

General Stats

  • This quiz has been taken 23 times
    (8 since last reset)
  • The average score is 21 of 29

Answer Stats

YearGoalsTeamAnswerColeman Medal (if different)% Correct
202381CarltonCharlie Curnow-
100%
200989CarltonBrendan Fevola-
83%
200282MelbourneDavid Neitz-
83%
2004103St KildaFraser Gehrig-
83%
200777BrisbaneJonathan Brown-
83%
2008113HawthornLance Franklin-
83%
201182HawthornLance Franklin-
83%
2001105EssendonMatthew Lloyd-
83%
2000109EssendonMatthew Lloyd-
83%
200393EssendonMatthew Lloyd-
83%
200580SydneyBarry HallFraser Gehrig
67%
201080BulldogsBarry HallJack Riewoldt
67%
200684CarltonBrendan Fevola-
67%
Charlie Curnow
67%
Fraser Gehrig
67%
Harry McKay
67%
Jack Riewoldt
67%
Jack Riewoldt
67%
201870RichmondJack Riewoldt-
67%
201372HawthornJarryd Roughead-
67%
201976GWSJeremy Cameron-
67%
201682West CoastJoshua Kennedy-
67%
201580West CoastJoshua Kennedy-
67%
201773SydneyLance Franklin-
67%
201479SydneyLance Franklin-
67%
201269Fremantle/Hawthorn (tied)Matthew Pavlich/Lance FranklinJack Riewoldt
67%
202162GeelongTom HawkinsHarry McKay
67%
202267GeelongTom HawkinsCharlie Curnow
67%
202049GeelongTom Hawkins-
67%

Score Distribution

Percentile by Number Answered

Percent of People with Each Score

Your Score History

You have not taken this quiz since the last reset